Quy định mới hướng dẫn thi hành luật sở hữu trí tuệ

Shranjeno v:
Bibliografske podrobnosti
Format: Knjiga
Jezik:Undetermined
Izdano: Hà Nội Chính trị Quốc gia 2007
Teme:
Oznake: Označite
Brez oznak, prvi označite!
Thư viện lưu trữ: Trung tâm Học liệu Trường Đại học Cần Thơ
LEADER 00538nam a2200181Ia 4500
001 CTU_128825
008 210402s9999 xx 000 0 und d
020 |c 33000 
082 |a 346.597048 
082 |b Qu600 
245 0 |a Quy định mới hướng dẫn thi hành luật sở hữu trí tuệ 
260 |a Hà Nội 
260 |b Chính trị Quốc gia 
260 |c 2007 
650 |a Intellectual property 
650 |z Viet Nam 
904 |i Minh 
980 |a Trung tâm Học liệu Trường Đại học Cần Thơ